| 000 | 00441pab a2200169 454500 | ||
|---|---|---|---|
| 008 | 180718b2008 xxu||||| |||| 00| 0 eng d | ||
| 100 | _aRawal, Vikas | ||
| 245 | _aOwnership holdings of land in rural India: putting the record straight | ||
| 260 | _c2008 | ||
| 300 | _ap.43-47. | ||
| 362 | _a8 Mar | ||
| 650 | _aLand tenure - India | ||
| 650 | _aLand tenure | ||
| 773 | _aEconomic and Political Weekly | ||
| 908 | _aN | ||
| 909 | _a77521 | ||
| 999 |
_c77521 _d77521 |
||